Introductory mathematics for the life sciences / (Record no. 1691)
[ view plain ]
| 000 -LEADER | |
|---|---|
| fixed length control field | 01000nac a22002891u 4500 |
| 003 - CONTROL NUMBER IDENTIFIER | |
| control field | EG-ScBUE |
| 005 - DATE AND TIME OF LATEST TRANSACTION | |
| control field | 20200817103156.0 |
| 008 - FIXED-LENGTH DATA ELEMENTS--GENERAL INFORMATION | |
| fixed length control field | 980720t1997 flua f 001 0 eng d |
| 020 ## - INTERNATIONAL STANDARD BOOK NUMBER | |
| International Standard Book Number | 0748404287 |
| 020 ## - INTERNATIONAL STANDARD BOOK NUMBER | |
| International Standard Book Number | 9780748404285 |
| 040 ## - CATALOGING SOURCE | |
| Original cataloging agency | EG-ScBUE |
| Language of cataloging | eng |
| Description conventions | rda |
| Transcribing agency | EG-ScBUE |
| Modifying agency | EG-ScBUE |
| 082 04 - DEWEY DECIMAL CLASSIFICATION NUMBER | |
| Classification number | 515 |
| Item number | PHO |
| Edition number | 22 |
| 100 1# - MAIN ENTRY--PERSONAL NAME | |
| Personal name | Phoenix, David, |
| Dates associated with a name | 1966- |
| Relator term | author. |
| 9 (RLIN) | 33433 |
| 245 10 - TITLE STATEMENT | |
| Title | Introductory mathematics for the life sciences / |
| Statement of responsibility, etc | David Phoenix, Department of Applied Biology, University of Central Lancashire, Preston, UK. |
| 264 #1 - PUBLICATION, DISTRIBUTION, ETC. (IMPRINT) | |
| Place of publication, distribution, etc | Boca Raton, Florida : |
| Name of publisher, distributor, etc | CRC Press, |
| Date of publication, distribution, etc | [1997] |
| 264 #4 - PUBLICATION, DISTRIBUTION, ETC. (IMPRINT) | |
| Date of publication, distribution, etc | c1997 |
| 300 ## - PHYSICAL DESCRIPTION | |
| Extent | ix, 229 pages : |
| Other physical details | illustrations ; |
| Dimensions | 25 cm. |
| 336 ## - CONTENT TYPE | |
| Source | rdacontent |
| Content type term | text |
| Content type code | txt |
| 337 ## - MEDIA TYPE | |
| Source | rdamedia |
| Media type term | unmediated |
| Media type code | n |
| 338 ## - CARRIER TYPE | |
| Source | rdacarrier |
| Carrier type term | volume |
| Carrier type code | nc |
| 490 0# - SERIES STATEMENT | |
| Series statement | Modules in life sciences |
| 500 ## - GENERAL NOTE | |
| General note | Includes index. |
| 650 #7 - SUBJECT ADDED ENTRY--TOPICAL TERM | |
| Topical term or geographic name as entry element | Mathematics. |
| 9 (RLIN) | 33435 |
| Source of heading or term | BUEsh |
| 653 ## - INDEX TERM--UNCONTROLLED | |
| Arrived date list | August2013 |
| Resource For college | Generalities |
| 655 ## - INDEX TERM--GENRE/FORM | |
| Form subdivision | Reading book |
| 9 (RLIN) | 34232 |
| 942 ## - ADDED ENTRY ELEMENTS (KOHA) | |
| Koha item type | Book - Borrowing |
| Call number prefix | 515 PHO |
| Source of classification or shelving scheme | Dewey Decimal Classification |
| Withdrawn status | Lost status | Damaged status | Not for loan | Home library | Current library | Shelving location | Date acquired | Source of acquisition | Total Checkouts | Full call number | Barcode | Date last seen | Price effective from | Koha item type | Date checked out | Source of classification or shelving scheme | Collection code | Total Renewals | Public note |
|---|---|---|---|---|---|---|---|---|---|---|---|---|---|---|---|---|---|---|---|
| Central Library | Central Library | First floor | 06/12/2005 | Purchase | 515 PHO | 000002647 | 15/07/2025 | 05/12/2006 | Book - Borrowing | ||||||||||
| Central Library | Central Library | First floor | 06/12/2005 | Purchase | 515 PHO | 000002646 | 15/07/2025 | 05/12/2006 | Book - Borrowing | ||||||||||
| Central Library | Central Library | First floor | 06/12/2005 | Purchase | 1 | 515 PHO | 000002645 | 15/07/2025 | 05/12/2006 | Book - Borrowing | 07/10/2009 | ||||||||
| Central Library | Central Library | First floor | 06/12/2005 | Purchase | 1 | 515 PHO | 000002644 | 15/07/2025 | 05/12/2006 | Book - Borrowing | 06/06/2010 | ||||||||
| Central Library | Central Library | First floor | 06/12/2005 | Purchase | 515 PHO | 000002643 | 15/07/2025 | 05/12/2006 | NB - Book (Non borrowing) | ||||||||||
| Central Library | Central Library | First floor | 21/08/2013 | Purchase | 1 | 515 PHO | 000057119 | 15/07/2025 | 21/08/2013 | Book - Borrowing | 17/02/2018 | Dewey Decimal Classification | Donation-Gift | 1 | Replaced with 000028819 | ||||
| Central Library | Central Library | First floor | 21/08/2013 | 1 | 515 PHO | 000028820 | 15/07/2025 | 21/08/2013 | Book - Borrowing | 29/01/2017 | Dewey Decimal Classification | Donation-Gift | |||||||
| Central Library | Central Library | First floor | 21/08/2013 | 3 | 515 PHO | 000028821 | 15/07/2025 | 21/08/2013 | Book - Borrowing | 04/02/2019 | Dewey Decimal Classification | Donation-Gift | 3 | ||||||
| Central Library | Central Library | First floor | 25/03/2018 | 515 PHO | 000047496 | 15/07/2025 | 25/03/2018 | Book - Borrowing | Dewey Decimal Classification | ||||||||||
| Central Library | Central Library | First floor | 26/03/2018 | 515 PHO | 000047507 | 15/07/2025 | 26/03/2018 | Book - Borrowing | Dewey Decimal Classification | ||||||||||
| Central Library | Central Library | First floor | 17/08/2020 | Purchase | 515 PHO | 000049443 | 15/07/2025 | 17/08/2020 | Book - Borrowing | Dewey Decimal Classification | Baccah | ||||||||
| Central Library | Central Library | First floor | 08/09/2020 | Purchase | 515 PHO | 000049580 | 15/07/2025 | 08/09/2020 | Book - Borrowing | Dewey Decimal Classification | Baccah | ||||||||
| Central Library | Central Library | First floor | 28/09/2020 | Purchase | 515 PHO | 000049870 | 15/07/2025 | 28/09/2020 | Book - Borrowing | Dewey Decimal Classification | Baccah |